Statistiken für Torschützenkönige in der Geschichte von Bayer 04 Leverkusen

Klicken Sie hier um das Quiz zu spielen!

Allgemein

  • Dieses Quiz wurde 37 mal gespielt
  • Das Durchschnittsergebnis liegt bei 4 aus 10

Antwortstatistiken

ToreNationalitätSpieler% Korrekt
162DeutschlandStefan Kießling
91%
240DeutschlandUlf Kirsten
91%
91BulgarienDimitar Berbatov
85%
63SüdkoreaBum-kun Cha
48%
58ArgentinienLucas Alario
30%
56DeutschlandOliver Neuville
30%
64BrasilienPaulo Sérgio
30%
57DeutschlandKarim Bellarabi
21%
83DeutschlandChristian Schreier
9%
87DeutschlandHerbert Waas
6%

Verteilung der Resultate

Perzentil nach korrekt beantworteten Fragen

Anzahl Personen mit jedem Resultat

Ihre Resultats-Entwicklung

Sie haben dieses Quiz noch nicht gespielt